000 00278nam a22001097a 4500
008 160512b xxu||||| |||| 00| 0 eng d
020 _a6082101014
041 _aeng
080 _a612.39
245 _aLengjet elektrolitet & ekuilibri acid-baze:
_cMarry Ann Hogan;
942 _2udc
_cBK
999 _c2107
_d2107